[Event "Orleans op"]
[Site "Orleans"]
[Date "2004.??.??"]
[Round "6"]
[White "Borges Matos, Juan R"]
[Black "Riverais, Gerald"]
[Result "1/2-1/2"]
[WhiteElo "1890"]
[BlackElo "2054"]
[PlyCount "41"]
[EventDate "2004.12.??"]
[EventType "swiss"]
[EventRounds "9"]
[EventCountry "FRA"]
[SourceTitle "EXT 2007"]
[Source "ChessBase"]
[SourceDate "2006.11.23"]
[SourceVersion "1"]
[SourceVersionDate "2006.11.23"]
[SourceQuality "1"]

1. e4 e5 2. Nf3 f5 3. Nxe5 Qf6 4. d4 d6 5. Nc4 fxe4 6. Nc3 Qf5 7. Ne3 Qg6 8. Ncd5 Kd8 9. f3 c6 10. Nc3 exf3 11. Qxf3 Qf6 12. Qxf6+ Nxf6 13. Bd3 d5 14. 0-0 Ng4 15. Nxg4 Bxg4 16. Bg5+ Kc7 17. Rf7+ Nd7 18. Re1 Bh5 19. Rff1 Bd6 20. Bf4 h6 21. Bxd6+ 1/2-1/2

[Event "Orleans op"]
[Site "Orleans"]
[Date "2004.??.??"]
[Round "1"]
[White "Maisonnave, Pierre"]
[Black "Riverais, Gerald"]
[Result "0-1"]
[WhiteElo "1620"]
[BlackElo "2054"]
[PlyCount "76"]
[EventDate "2004.12.??"]
[EventType "swiss"]
[EventRounds "9"]
[EventCountry "FRA"]
[SourceTitle "EXT 2007"]
[Source "ChessBase"]
[SourceDate "2006.11.23"]
[SourceVersion "1"]
[SourceVersionDate "2006.11.23"]
[SourceQuality "1"]

1. d4 Nf6 2. Nf3 c5 3. Bg5 Ne4 4. Bh4 Qb6 5. dxc5 Qxb2 6. Nbd2 Nc3 7. Qc1 Qxc1+ 8. Rxc1 Na6 9. e3 Nxc5 10. Bc4 a5 11. Nb1 N3e4 12. Nbd2 e6 13. Nxe4 Nxe4 14. a4 Bb4+ 15. Kf1 0-0 16. Bb3 d6 17. Nd4 Nc3 18. Nb5 Nxb5 19. axb5 Bd7 20. Ba4 Rfc8 21. Ke2 Rc5 22. c4 d5 23. cxd5 Rxd5 24. Rhd1 Bxb5+ 25. Bxb5 Rxb5 26. Rd8+ Rxd8 27. Bxd8 f6 28. Rb1 Rd5 29. Rd1 Rxd1 30. Kxd1 Kf7 31. Kc2 Ke8 32. Bb6 Kd7 33. Kb3 Kc6 34. Bd4 b5 35. f3 Bc5 36. Bc3 a4+ 37. Kc2 Bxe3 38. Bb4 Bc5 0-1

[Event "Orleans op"]
[Site "Orleans"]
[Date "2004.??.??"]
[Round "5"]
[White "Riverais, Gerald"]
[Black "Coupe, Nicolas"]
[Result "0-1"]
[WhiteElo "2054"]
[BlackElo "2000"]
[PlyCount "48"]
[EventDate "2004.12.??"]
[EventType "swiss"]
[EventRounds "9"]
[EventCountry "FRA"]
[SourceTitle "EXT 2007"]
[Source "ChessBase"]
[SourceDate "2006.11.23"]
[SourceVersion "1"]
[SourceVersionDate "2006.11.23"]
[SourceQuality "1"]

1. d4 d5 2. Nf3 c6 3. e3 Bg4 4. Bd3 Nd7 5. c4 e6 6. Nbd2 Ngf6 7. 0-0 Be7 8. Qc2 0-0 9. Ne5 Bh5 10. a3 h6 11. f4 Nxe5 12. fxe5 Nd7 13. Nf3 dxc4 14. Qxc4 c5 15. Qc2 Rc8 16. Qe2 Qb6 17. h3 Bxf3 18. Rxf3 cxd4 19. Rg3 Nxe5 20. Be4 Bh4 21. Rxg7+ Kxg7 22. Qh5 Ng6 23. Bxg6 Bf2+ 24. Kh1 fxg6 0-1